000 00738nam a22002417a 4500
005 20250524090041.0
008 250524b |||||||| |||| 00| 0 eng d
020 _a978-93-91527-44-0
_c380.00
040 _aMAIN
041 _aasm
082 _a301
_bBOR
100 _aBorah, R.
_qRajen
245 _aউচ্চত​ৰ মাধ্য়মিক সমাজতত্ত্ৱ​
_bUcchatar Madhyamik Smajtatwa / Higher Secondary Sociology
250 _a1st Ed.
260 _aJorhat
_bBidya Bhawan
_c2023
300 _a342 p. ;
_c20 x 30 cm
505 _aFor Higher Secondary 1st year
650 _aSociology
700 _bBora, Birinchi Kumar
700 _bBorah, Akhil
700 _bBoruah, Pankaj
942 _2ddc
_cBK
999 _c15777
_d15777